Szczegóły MARC21

ABC small business'u : A - jak otworzyć i prowadzić własną firmę (marketing, business plan) : B - księgowość Twojej Firmy (ryczałt, księga przychodów i rozchodów , VAT) : C - jak Cię rozliczy Urząd Skarbowy /

005 -DATA I CZAS OSTATNIEJ MODYFIKACJI [,]
    • @
    • pole kontrolne
    • 20070315155141.9
020 -Międzynarod. znormalizowany nr książki - ISBN [ , ]
    • a
    • Numer ISBN
    • 8390073064 Find
040 -Instytucja sporządzająca opis [ , ]
    • a
    • Instytucja, która sporządziła opis (NP)
    • SZCZ U
    • c
    • Instytucja, która sporządziła rekord (NP)
    • SZCZ U
041 -Język dokumentu [0, ]
    • a
    • Język tekstu (P)
    • polski
    • h
    • Język tekstu oryginalnego i/lub pośredniego (P)
    • polski
942 -Rodzaj dokumentu [ , ]
    • c
    • Rodzaj dokumentu
    • Książka
100 -Hasło główne - nazwa osobowa [ , ]
    • a
    • Nazwa osobowa (NP)
    • MARKOWSKI WŁODZIMIERZ J.
245 -Strefa tytułu i oznaczenia odpowiedzialności [1, ]
    • a
    • Tytuł
    • ABC small business'u : Find
    • b
    • Ciąg dalszy tytułu (NP)
    • A - jak otworzyć i prowadzić własną firmę (marketing, business plan) : B - księgowość Twojej Firmy (ryczałt, księga przychodów i rozchodów , VAT) : C - jak Cię rozliczy Urząd Skarbowy / Find
250 -Strefa wydania [ , ]
    • a
    • Oznaczenie wydania (NP)
    • [Wyd.10], stan prawny na dzień 1.03.1999.
260 -Strefa adresu wydawniczego [ , ]
    • a
    • Miejsce wydania (P)
    • Łódź :
    • b
    • Nazwa wydawcy (P)
    • "Marcus",
    • c
    • Data wydania (P)
    • 1999.
300 -Strefa opisu fizycznego [ , ]
    • a
    • Określenie formy książki i/lub objętość (NP)
    • 304 s. :
    • c
    • Format (NP)
    • 24 cm.
080 -Uniwersalna Klasyfikacja Dziesiętna [ , ]
    • a
    • Symbol klasyfikacji
    • 334.72
    • 9
    • UKD
    • 3090
    • 2
    • Identyfikator wydania tablic
    • UDC-P058
    • b
    • Dopowiedzenie
    • Przedsiębiorstwa, firmy z punktu widzenia stosunków własności, źródeł finansowania i zasięgu działalności.
980 -Symbol UKD [ , ]
    • a
    • UKD
    • 334.72
920 -ISBN [ , ]
    • a
    • ISBN
    • 83-900730-6-4 Find
Status udost. Numer inwentarzowy Sygnatura Lokalizacja Data inwentaryzacji
-2T.2900T.2900T2000-07-06